000 00604nam a2200241Ia 4500
005 20250425161946.0
008 250425s9999 xx 000 0 und d
020 _a9688872679
041 _aspa
082 _a745.2
110 _aEDICIONES GUSTAVO GILI S.A.
245 0 _aPUBLICIDAD: DISEÑO GRAFICO PUBLICITARIO
250 _a1A ED.
260 _aMEXICO
260 _aMéxico
_bGUSTAVO GILI
_c1995
300 _a79
500 _aTítulo Traducido: PROMOTION
650 _aDISEÑO GRAFICO
650 _aPUBLICIDAD
700 _aEUGENI ROSELL
_etraductor
942 _c01
010 _a37323
999 _c219674
_d219674